Histología (Registro nro. 3487)
[ vista simple ]
| 000 -CABECERA | |
|---|---|
| Longitud fija campo de control | 00705nam a2200229 b 4500 |
| 001 - NÚMERO DE CONTROL | |
| Número de control | bimo0000769013 |
| 003 - IDENTIFICADOR DELl NÚMERO DE CONTROL | |
| Identificador del número de control | OSt |
| 005 - FECHA Y HORA DE LA ÚLTIMA TRANSACCIÓN | |
| Fecha y hora de la última transacción | 20131028164708.0 |
| 008 - CÓDIGOS DE INFORMACIÓN DE LONGITUD FIJA | |
| Códigos de información de longitud fija | 980121s2008 sp | ||| ||spa |
| 020 ## - NÚMERO INTERNACIONAL NORMALIZADO PARA LIBROS | |
| Número Internacional Normalizado para Libros (ISBN) | 978-950-06-0883-1 |
| 040 ## - FUENTE DE LA CATALOGACIÓN | |
| Centro catalogador de origen | SpMaBN |
| Centro transcriptor | BMC |
| 082 ## - NÚMERO DE LA CLASIFICACIÓN DECIMAL DEWEY | |
| Númeroo de clasificación | 611.018 |
| 100 10 - PUNTO DE ACCESO PRINCIPAL-NOMBRE DE PERSONA | |
| Nombre de persona | Geneser, Finn |
| 9 (RLIN) | 8010 |
| 245 10 - MENCIÓN DE TÍTULO | |
| Título | Histología |
| Resto del título | : sobre bases biomoleculares |
| Mención de responsabilidad, etc. | Finn Geneser |
| 250 ## - MENCIÓN DE EDICIÓN | |
| Mención de edición | 3ª ed., 8ª reimp |
| 260 ## - PUBLICACIÓN, DISTRIBUCIÓN, ETC. (PIE DE IMPRENTA) | |
| Lugar de publicación, distribución, etc. | Buenos Aires [etc.] |
| Nombre del editor, distribuidor, etc. | Editorial Médica Panamericana |
| Fecha de publicación, distribución, etc. | 2008 |
| 300 ## - DESCRIPCIÓN FÍSICA | |
| Extensión | XIV, 768 p. |
| Otras características físicas | il. |
| Dimensiones | 28 cm |
| 595 ## - NOTA DE EDICIÓN E HISTORIA BIBLIOGRÁFICA | |
| Nota de edición e historia bibliográfica | Título original : Histologi, 3rd ed. |
| 597 ## - NOTA SOBRE ÁREA Y DESCRIPCIÓN FÍSICA | |
| Nota sobre el área de descripción físic | No se tiene el disco compacto que acompañaba al libro |
| 650 24 - PUNTO DE ACCESO ADICIONAL DE MATERIA - TÉRMINO DE MATERIA | |
| Término de materia o nombre geográfico como elemento inicial | Histología |
| 9 (RLIN) | 7970 |
| 942 ## - ENTRADA DE ELEMENTOS AGREGADOS (KOHA) | |
| Fuente de clasificaión o esquema | Dewey Decimal Classification |
| Koha [por defecto] tipo de item | 1- Monografias |
| Suprimido | Perdido | Fuente de clasificación o esquema | Estropeado | Restricciones de uso | No para préstamo | Código de colección | Localización permanente | Localización actual | Localización en estanter&íacute;as | Fecha adquisición | Fuente de adquisición | Número de inventario | Préstamos totales | Signatura completa | Código de barras | Fecha última consulta | Fecha último préstamo | Coste, precio reemplazado | Fecha del precio de reemplazo | Tipo de item de Koha |
|---|---|---|---|---|---|---|---|---|---|---|---|---|---|---|---|---|---|---|---|---|
| NULL | NULL | Dewey Decimal Classification | NULL | Prestable | NULL | NULL | Biblioteca Miguel de Cervantes - UNICAES | Biblioteca Miguel de Cervantes - UNICAES | Sala Principal | 26/10/2013 | Donación - Facultad de Ciencias y Humanidades | 005516 | 6 | 611.018 GEN his | 1005516 | 08/03/2018 | 06/03/2018 | 50.40 | 26/10/2013 | 1- Monografias |
| NULL | NULL | Dewey Decimal Classification | NULL | Prestable | NULL | NULL | Biblioteca Miguel de Cervantes - UNICAES | Biblioteca Miguel de Cervantes - UNICAES | Sala Principal | 26/10/2013 | Donación - Facultad de Ciencias y Humanidades | 005517 | 5 | 611.018 GEN his | 1005517 | 07/02/2018 | 05/02/2018 | 50.40 | 26/10/2013 | 1- Monografias |
| NULL | NULL | Dewey Decimal Classification | NULL | Prestable | NULL | NULL | Biblioteca Miguel de Cervantes - UNICAES | Biblioteca Miguel de Cervantes - UNICAES | Sala Principal | 26/10/2013 | Donación - Facultad de Ciencias y Humanidades | 005518 | 13 | 611.018 GEN his | 1005518 | 18/05/2023 | 18/05/2023 | 50.40 | 26/10/2013 | 1- Monografias |